000 00660nam a2200205Ii 4500
003 JO-AjNU
008 230605s9999||||xx |||||||||||||| ||und||
017 _a2008/3/588
040 _aJO-AjNU
_bara
_erda
_cJO-AjNU
041 _aara
050 1 4 _aPJ7852.A926.M37 2007
100 3 _aتأليف النواصرة، جمال محمد,
_eauthor
_948712
245 0 0 _aمسرحيات للطفولة والمدرسة
264 3 1 _aعمان:وزارة الثقافة،2007
300 _a92ص
336 _atext
_btxt
_2rdacontent
337 _aunmediated
_bn
_2rdamedia
338 _avolume
_bnc
_2rdacarrier
650 4 _aالأدب العربي - مسرح
_948713
999 _aA21351
_c24919
_d24919